| 000 | 00543nam a22002177a 4500 | ||
|---|---|---|---|
| 999 |
_c4106 _d4106 |
||
| 003 | Nust | ||
| 005 | 20170105101620.0 | ||
| 008 | 161227b xxu||||| |||| 00| 0 eng d | ||
| 020 | _a9789699370112 (hbk) | ||
| 040 | _cNust | ||
| 041 | _hUrdu | ||
| 082 |
_a297.04 _bMUJ |
||
| 100 | _aMujtaba Muhammad Rathor | ||
| 245 | _aJehad, Jang aur dehshat gardi | ||
| 247 | _aجہاد،جنگ اور دہشت گردی | ||
| 260 |
_aIslamabad: _bnarratives, _c2012. |
||
| 300 | _a170p. | ||
| 650 | _aIslam | ||
| 650 | _aJehad | ||
| 942 |
_2ddc _cBK |
||